| 000 | 00470nam a2200133Ia 4500 | ||
|---|---|---|---|
| 008 | 221007s9999 xx 000 0 und d | ||
| 041 | _aeng | ||
| 082 | _bDAH | ||
| 100 |
_aDahatonde Vidya B - 2k141055; Prof.Archana Tatkar - Guide & [Company Name] - Cummins India Limited,Pune _9103739 |
||
| 245 | _aStudy Of Process Document Expat Assignments Cummins India Limited,Pune | ||
| 260 |
_cSep-15 _bSavitribai Phule Pune University _aPune |
||
| 300 | _a65p | ||
| 906 | _bGeneral | ||
| 999 |
_c75072 _d75072 |
||